MARC

LEADER 00000nas a2200000 a 4500
001 ssj0009175
003 WaSeSS
005 20200512172242.0
006 m d
007 cr n
008 050614c19819999vauqr pss 0 a0eng c
010 |a  2008202024 
016 7 |a 010488828  |2 Uk 
022 |a 1943-5908  |l 0731-9258  |y 0731-9258 
030 |a JCMTDV 
035 |a (WaSeSS)ssj0009175 
037 |b Association for the Advancement of Computing in Education (AACE), P.O. Box 1545, Chesapeake, VA 23327-1545 
040 |a OCLCS  |b eng  |c OCLCS  |d OCLCQ  |d DLC  |d OCLCQ  |d CUI  |d OCLCF  |d OCLCO  |d CO3  |d OCLCE  |d MUX  |d HTM  |d UKMGB  |d UKBOL  |d OCLCO  |d OCLCQ  |d ZAC  |d VT2  |d U3W  |d MOW  |d WYU  |d WaSeSS 
042 |a pcc  |a nsdp  |a dlr 
043 |a n-us--- 
050 1 4 |a QA20.C65 
082 1 0 |a 507.8  |2 14 
130 0 |a Journal of computers in mathematics and science teaching (Online) 
210 0 |a J. comput. math. sci. teach.  |b (Online) 
222 4 |a The Journal of computers in mathematics and science teaching  |b (Online) 
245 1 4 |a The Journal of computers in mathematics and science teaching  |h [electronic resource]. 
246 1 |a JCMST 
260 |a [Austin, TX] :  |b [Association for Computers in Mathematics and Science Teaching] 
310 |a Quarterly 
362 1 |a Print began with v. 1, no. 1 (fall 1981). 
500 |a Published: Chesapeake, VA, <2008-> 
506 |a License restrictions may limit access. 
538 |a Master and use copy. Digital master created according to Benchmark for Faithful Digital Reproductions of Monographs and Serials, Version 1. Digital Library Federation, December 2002.  |u http://purl.oclc.org/DLF/benchrepro0212  |5 MiAaHDL 
538 |a Mode of access: World Wide Web. 
583 1 |a digitized  |c 2010  |h HathiTrust Digital Library  |l committed to preserve  |2 pda  |5 MiAaHDL 
588 |a Description based on print version record. 
588 |a Latest issue consulted: Vol. 27, no. 3 ([2008?]) (publisher's Web site, viewed Aug. 15, 2008). 
650 0 |a Mathematics  |x Computer-assisted instruction  |v Periodicals. 
650 0 |a Science  |x Computer-assisted instruction  |v Periodicals. 
650 7 |a Mathematics  |x Computer-assisted instruction.  |2 fast  |0 (OCoLC)fst01012174 
650 7 |a Science  |x Computer-assisted instruction.  |2 fast  |0 (OCoLC)fst01108203 
653 |a Computing, mathematics and information systems 
655 0 |a Electronic journals. 
710 2 |a Association for Computers in Mathematics and Science Teaching (U.S.) 
776 0 8 |i Print version:  |t Journal of computers in mathematics and science teaching  |x 0731-9258  |w (DLC) 82645691  |w (OCoLC)8272789 
776 0 8 |i Micorform version:  |t Journal of computers in mathematics and science teaching  |x 0731-9258  |w (OCoLC)14580824 
776 0 8 |i Microform version:  |t Journal of computers in mathematics and science teaching  |x 0731-9258  |w (OCoLC)17065555 
856 4 0 |z Full text available from Research Library: 10/01/2004 to 10/31/2008  |u https://search.proquest.com/publication/23124